000 00333nam a2200145Ia 4500
008 191201s2008 xx 000 0 und d
082 _a620.106
_bRAT
100 _aRATTAN, S S
245 0 _aTextbook of Fluid Machines
250 _aRep.
260 _aN.Delhi
_bTMH
_c2008
300 _a392
650 _aB.Tech(ME)
942 _2ddc
_cBK
999 _c3558
_d3558